British Museum dictionary of ancient Egypt :

محفوظ في:

المؤلف الرئيسي: Shaw, Ian.

التنسيق: كتاب

اللغة: Undetermined

منشور في: London : British Museum Press, 1997.

الموضوعات:

الوسوم: إضافة وسم

لا توجد وسوم, كن أول من يضع وسما على هذه التسجيلة!

رقم الطلب: (Ref.) DT58 .S54

LEADER 00703nam a2200181Ia 4500
008 220712s9999||||xx |||||||||||||| ||und||
020 |a 714109827 
050 4 |a (Ref.) DT58 .S54 
100 1 |a Shaw, Ian. 
245 1 0 |a British Museum dictionary of ancient Egypt : 
264 1 |a London :  |b British Museum Press,  |c 1997. 
300 |a 328p. :  |b ill. (some col.) maps ;  |c 29cm. 
504 |a Includes bibliographical references and index. 
555 4 |o (Ref.) DT58 .S54 
650 |a Egypt Civilization 332 BC-638 AD Dictionaries. 
650 4 |a Egypt Antiquities Dictionaries. 
952 |0 0  |1 0  |2 lcc  |4 0  |7 1  |9 41820  |a ARCE  |b ARCE  |d 2022-07-21  |l 0  |o (Ref.) DT58 .S54  |p 1038000  |r 2022-07-21 00:00:00  |w 2022-07-21  |y BK 
999 |c 48799  |d 48799